| 000 | 01153nam a22002897a 4500 | ||
|---|---|---|---|
| 001 | 7809 | ||
| 003 | FISKH | ||
| 005 | 20250811095105.0 | ||
| 008 | 250811b cb ||||| |||| 00| 0 eng d | ||
| 040 |
_aFISKH _beng _cFISKH _dFISKH |
||
| 050 | _aPZ7 | ||
| 082 | _a823.92 | ||
| 100 | _aAndersen, Christian Hans | ||
| 245 |
_aThe emperor and the nightinggale / _cRetold by Rosie Dickins ; Illustrated by Graham Philpot ; Reading Consultant: Alison Kelly ; Roehampton University |
||
| 250 | _aThis edition first published in 2007 | ||
| 260 |
_aLondon : _bUsborne, _c2007 |
||
| 300 |
_a48 pages : _bcolor illustrations ; _c20 cm |
||
| 505 | _aL | ||
| 520 | _aAimed at children aged four and over, each title in this series is a classic story or fable, retold with simple text to delight and inspire any child who is just beginning to read. The series was developed in conjunction with reading expert Allison Kelly. | ||
| 521 | 8 |
_a520
_bLexile |
|
| 521 | 8 |
_aL
_bRaz-Plus |
|
| 650 |
_2Fairy tales _aChildren Classics |
||
| 650 |
_2Early reader _aVocabulary |
||
| 700 |
_aPhilpot, Graham _dillustrator |
||
| 942 |
_2ddc _cBK _n0 |
||
| 999 |
_c7809 _d7809 |
||